The Americans / (Record no. 13253)
[ view plain ]
| 000 -LEADER | |
|---|---|
| fixed length control field | 00563nam a22001697a 4500 |
| 008 - FIXED-LENGTH DATA ELEMENTS--GENERAL INFORMATION | |
| fixed length control field | 100202t xxu||||| |||| 000 0 eng d |
| 020 ## - INTERNATIONAL STANDARD BOOK NUMBER | |
| International Standard Book Number | 812813340 |
| 082 ## - DEWEY DECIMAL CLASSIFICATION NUMBER | |
| Edition number | 20 |
| Classification number | 082 |
| Item number | FRO |
| 245 ## - TITLE STATEMENT | |
| Title | The Americans / |
| Statement of responsibility, etc | David Frost. |
| 260 ## - PUBLICATION, DISTRIBUTION, ETC. (IMPRINT) | |
| Place of publication, distribution, etc | New York: |
| Name of publisher, distributor, etc | Sten and day, |
| Date of publication, distribution, etc | c.1970. |
| 300 ## - PHYSICAL DESCRIPTION | |
| Extent | 250p; |
| Dimensions | 22cm. |
| 500 ## - GENERAL NOTE | |
| General note | Donations. |
| 500 ## - GENERAL NOTE | |
| General note | Donated By: Alaa Abdel ghaney. |
| 650 ## - SUBJECT ADDED ENTRY--TOPICAL TERM | |
| 9 (RLIN) | 10863 |
| Topical term or geographic name as entry element | United States -- Civilization -- 1970- |
| 942 ## - ADDED ENTRY ELEMENTS (KOHA) | |
| Source of classification or shelving scheme | Dewey Decimal Classification |
| Item type | Book - Borrowing |
| Withdrawn status | Item status | Damaged status | Not for loan | Home library | Current library | Shelving location | Date acquired | Total Checkouts | Full call number | Barcode | Date last seen | Koha item type |
|---|---|---|---|---|---|---|---|---|---|---|---|---|
| Central Library | Central Library | Lower Floor | 02/02/2010 | 082 FRO | 000019559 | 15/07/2025 | Book - Borrowing |